| 000 | 00406nam a2200181Ia 4500 | ||
|---|---|---|---|
| 005 | 20240823041839.0 | ||
| 008 | 240823s9999||||xx |||||||||||||| ||und|| | ||
| 041 | _aENGLISH | ||
| 082 | _A339 | ||
| 100 | _aJhingan M L | ||
| 245 | 0 | _aMacro-Economic Theory | |
| 250 | _a10th | ||
| 260 | _b#VALUE! | ||
| 500 | _aTRANSFERED | ||
| 650 |
_aEconomics _bManagement Studies |
||
| 942 | _cBK | ||
| 999 |
_c206477 _d206477 |
||